Normal view MARC view

Entry Topical Term

Number of records used in: 1

001 - CONTROL NUMBER

  • control field: 264277

003 - CONTROL NUMBER IDENTIFIER

  • control field: OSt

005 - DATE AND TIME OF LATEST TRANSACTION

  • control field: 20260522093636.0

008 - FIXED-LENGTH DATA ELEMENTS

  • fixed length control field: 260522|| aca||aabn | a|a d

040 ## - CATALOGING SOURCE

  • Original cataloging agency: OSt
  • Transcribing agency: OSt

150 ## - HEADING--TOPICAL TERM

  • Topical term or geographic name entry element: Celebrating 50 years 1976-2026

670 ## - SOURCE DATA FOUND

  • Source citation: Work cat.: (OSt)241486: SACTCC Society 264276, St Aloysius College Teachers Cooperative Credit Society Ltd Mangalore 575003, 2026